[Event "GER-chT Christmas U16 Steinitz"]
[Site "Playchess.com INT"]
[Date "2020.12.28"]
[Round "3.3"]
[White "Lorenz, Jakob"]
[Black "Laucht, Philipp"]
[Result "0-1"]
[WhiteElo "1575"]
[BlackElo "1481"]
[PlyCount "76"]
[EventDate "2020.12.28"]
[EventType "team-swiss (blitz)"]
[EventRounds "7"]
[EventCountry "GER"]
[SourceTitle "CBM 200 Extra"]
[Source "ChessBase"]
[SourceDate "2021.03.31"]
[SourceVersion "1"]
[SourceVersionDate "2021.03.31"]
[SourceQuality "1"]
[WhiteTeam "Chemnitz"]
[BlackTeam "Eppendorf Johanneum"]
[WhiteTeamCountry "GER"]
[BlackTeamCountry "GER"]

1. e4 c5 2. Nf3 d6 3. Bb5+ Bd7 4. Bxd7+ Qxd7 5. d4 cxd4 6. Nxd4 Nf6 7. Nc3 Nc6 8. Be3 e6 9. Qe2 d5 10. 0-0-0 Nxe4 11. Nxe4 dxe4 12. Nb5 Qc8 13. Bf4 e5 14. Qxe4 f6 15. Bxe5 fxe5 16. f4 a6 17. Nd6+ Bxd6 18. Rxd6 0-0 19. fxe5 Re8 20. e6 Qc7 21. Rd7 Qb6 22. Qg4 Re7 23. Rhd1 Qe3+ 24. Kb1 Qxe6 25. Qxe6+ Rxe6 26. Rxb7 Re2 27. Rc7 Nd4 28. c3 Nc2 29. g3 Ne3 30. Rh1 Rd8 31. Re7 Rdd2 32. Rb7 Nc4 33. Rb8+ Kf7 34. Rf1+ Kg6 35. Ra8 Rxb2+ 36. Ka1 Rxa2+ 37. Kb1 Reb2+ 38. Kc1 Ra1# 0-1